100 000+ France Cities Map Quiz - Statistics

General Stats
  • This quiz has been taken 186 times
  • The average score is 31 of 40
Answers on the Map
Answers color-coded by a green-red scale on the quiz's map according to % correct below.
 
Answer Stats
Commune Région Population % Correct
Marseille Provence-Alpes-Côte d'Azur 863 310
99%
Paris Île-de-France 2 187 526
99%
Bordeaux Nouvelle-Aquitaine 254 436
98%
Lyon Auvergne-Rhône-Alpes 516 092
98%
Nice Provence-Alpes-Côte d'Azur 340 017
97%
Strasbourg Grand Est 280 966
96%
Toulouse Occitanie 479 553
96%
Lille Hauts-de-France 232 787
95%
Nantes Pays de la Loire 309 346
92%
Brest Bretagne 140 064
90%
Dijon Bourgogne-Franche-Comté 156 920
89%
Montpellier Occitanie 285 121
89%
Rennes Bretagne 216 815
87%
Le Havre Normandie 170 147
86%
Saint-Étienne Auvergne-Rhône-Alpes 172 565
84%
Grenoble Auvergne-Rhône-Alpes 158 454
82%
Nancy Grand Est 104 286
82%
Reims Grand Est 182 460
81%
Rouen Normandie 110 145
80%
Toulon Provence-Alpes-Côte d'Azur 171 953
80%
Caen Normandie 105 354
79%
Orléans Centre-Val de Loire 116 685
79%
Tours Centre-Val de Loire 135 787
77%
Clermont-Ferrand Auvergne-Rhône-Alpes 143 886
75%
Metz Grand Est 116 429
75%
Amiens Hauts-de-France 134 057
73%
Nîmes Occitanie 150 610
73%
Perpignan Occitanie 120 158
69%
Aix-en-Provence Provence-Alpes-Côte d'Azur 142 482
66%
Le Mans Pays de la Loire 142 946
66%
Angers Pays de la Loire 152 960
65%
Limoges Nouvelle-Aquitaine 132 175
65%
Saint-Denis Île-de-France 111 135
65%
Mulhouse Grand Est 109 443
62%
Annecy Auvergne-Rhône-Alpes 126 924
58%
Besançon Bourgogne-Franche-Comté 115 934
57%
Villeurbanne Auvergne-Rhône-Alpes 147 712
53%
Boulogne-Billancourt Île-de-France 120 071
45%
Argenteuil Île-de-France 110 210
38%
Montreuil Île-de-France 109 897
37%
No matching quizzes found
Score Distribution
Percent of People with Each Score
Percentile by Number Answered
Your Score History
You have not taken this quiz